Normal view
MARC view
- Nursing Foundation
Entry Corporate Name
001 - CONTROL NUMBER
- control field: 216451
003 - CONTROL NUMBER IDENTIFIER
- control field: OSt
005 - DATE AND TIME OF LATEST TRANSACTION
- control field: 20260123120126.0
008 - FIXED-LENGTH DATA ELEMENTS
- fixed length control field: 260123|| aca||aabn | a|a d
040 ## - CATALOGING SOURCE
- Original cataloging agency: OSt
- Transcribing agency: OSt
110 ## - HEADING--CORPORATE NAME
- Corporate name or jurisdiction name as entry element: Nursing Foundation
670 ## - SOURCE DATA FOUND
- Source citation: Work cat.: (OSt)370092: Francis Celestina 180613, Nursing Foundation for B.Sc. Nursing Students ( 1 Semester) , 2022